Arab shipping 1980
محفوظ في:
| مؤلف مشترك: | |
|---|---|
| التنسيق: | كتاب |
| اللغة: | الإنجليزية |
| منشور في: |
Letchworth
The Garden City
1980
|
| الموضوعات: | |
| الوسوم: |
إضافة وسم
لا توجد وسوم, كن أول من يضع وسما على هذه التسجيلة!
|
MARC
| LEADER | 00000nam a2200000 a 4500 | ||
|---|---|---|---|
| 001 | UCU6644 | ||
| 003 | CL-VaPUC | ||
| 008 | 960621e19800000uk |||||||||||||||||eng|d | ||
| 082 | 0 | 4 | |a 387.2 |b SEA |2 21 |
| 110 | 2 | |a Seatrade Publications |e author |9 364945 | |
| 245 | 1 | 0 | |a Arab shipping 1980 |
| 300 | |a 295 p | ||
| 942 | |c BK | ||
| 945 | |d 19960621 00:00:00 |a paguirre | ||
| 260 | |a Letchworth |b The Garden City |c 1980 | ||
| 650 | 7 | |a TRANSPORTE |2 CL-VaPUC |9 256365 | |
| 650 | 0 | |a Transporte marítimo |9 260127 | |
| 650 | 7 | |a BUQUES MERCANTES |2 CL-VaPUC |9 358741 | |
| 650 | 7 | |a SERVICIOS DE TRANSPORTE |2 CL-VaPUC |9 358013 | |
| 650 | 0 | |a Tráfico marítimo |9 348395 | |
| 583 | |a last modification |c 20171214 02:45:02 |k Rodrigo Vera | ||
| 999 | |c 249486 |d 249484 | ||
| 952 | |0 0 |1 0 |4 0 |6 387_200000000000000_SEA_1980 |7 0 |8 A |9 266763 |a BIBING |b BIBING |d 2019-11-19 |i 1689290 |o 387.2 SEA 1980 |p 1689290 |r 2025-01-20 |w 2019-11-19 |y BK |k TRA | ||